Ultimate Geography Quiz - Statistics

General Stats
  • This quiz has been taken 58 times
  • The average score is 12 of 20
Answer Stats
Question Answer % Correct
Addis Ababa is the capital of what African country? Ethiopia
84%
What is the largest African country in land area? Algeria
82%
What is the capital of Estonia? Tallinn
80%
What piece of Russia is disconnected by the Baltic States, specifically Lithuania? Kaliningrad
78%
What is written on the Brazilian flag? Ordem e Progresso
76%
Which is not a capital of South Africa? Johannesburg
71%
The deepest point in the Mariana Trench is known as what? Challenger Deep
69%
What is the highest populated city in Saudi Arabia? Riyadh
69%
What northwest African country has the capital of Nouakchott? Mauritania
65%
What is the capital of the smallest South American country(Land Area)? Paramaribo
65%
What does Sierra Leone mean? Lion Mountains
61%
What is the second smallest country in the world(Land Area)? Monaco
61%
What is the smallest country whose name ends with Stan(Land Area)? Tajikistan
57%
What is the 3rd longest river in the world? Yangtze River
57%
The world’s fastest roller coaster, Formula Rossa, is located in what country? United Arab Emirates
53%
Which of these countries does not have any stars on it’s flag? Vanuatu
53%
Including islands, what is the least populated country in Africa? Seychelles
51%
From base to peak, what is the world’s tallest mountain? Mauna Kea
47%
What is the deepest lake in the US? Crater Lake
27%
Other than Australia, what country in Oceania has the highest land area? Indonesia
27%
No matching quizzes found
Score Distribution
Percent of People with Each Score
Percentile by Number Answered
Your Score History
You have not taken this quiz